000 01095nam a22002417a 4500
001 9556
003 FISKH
005 20260128100638.0
008 260123b cb ||||| |||| 00| 0 eng d
020 _a9780349139630
040 _aFISKH
_beng
_cFISKH
_dFISKH
050 _aPS3570 .A657 .G65
082 _a813.54
100 _aTartt , Donna
245 _aThe goldfinch /
_bBy Donna Tartt
250 _aFirst published in Great Britain in 2013
260 _aLondon :
_bAbacus / Little, Brown Book Group ,
_c2013 .
300 _a864 pages :
_billustrations ;
_c20 cm .
520 _aA young boy in New York City, Theo Decker, miraculously survives an accident that takes the life of his mother. Alone and abandoned by his father, Theo is taken in by a friend's family and struggles to make sense of his new life. In the years that follow, he becomes entranced by one of the few things that reminds him of his mother; a small, mysteriously captivating painting that ultimately draws Theo into the art underworld.
650 _aPulitzer Prize
_vFiction
942 _2ddc
_cBK
_n0
999 _c9556
_d9556